000 00936nas a2200253 454500
001 20493
005 20260407193506.0
008 260407s1970####ag###########|||spa#d
003 AR-UNSa-BCEJYS
040 _aAR-UNSa-BCEJYS
_bspa
_cAR-UNSa-BCEJYS
080 _a330(430)
_xEconomía de Alemania
245 1 0 _aThe german economic review
_pan english-language quarterly on german economic research and current development
022 _a1468-0475
264 1 _aStuttgart :
_bWissenschaftliche Verlagsgesellschaft
_c1970
310 _aFrecuencia: Trimestral
942 _cSER
590 _aniveau_biblio:s niveau_hierar:1
100 1 _aSociety for Economic and Social Sciences
700 1 _aAssociation for Social Policy
650 _aDesarrollo económico y social
650 _aAlemania
650 _aECONOMIA
856 4 1 _uhttps://biblioeco.unsa.edu.ar/pmb/images/revistas/The German Economic Review.jpg
_yImagen de portada
_qimage/jpeg
999 _c8544
_d8544